ガチャを回すためのアイテム - Statistics

General Stats
  • This quiz has been taken 44 times
  • The average score is 5 of 21
Answer Stats
Hint Answer % Correct
にゃんこ大戦争 ネコカン
47%
モンスターストライク オーブ
42%
みんなで早押しクイズ ダイヤ
42%
あんさんぶるスターズ!! Music ダイヤ
42%
パズル&ドラゴンズ 魔法石
39%
学園アイドルマスター ジュエル
39%
ウマ娘 プリティーダービー ジュエル
39%
プリンセスコネクト!Re:Dive ジュエル
39%
勝利の女神:NIKKE ジュエル
39%
魔法使いと黒猫のウィズ クリスタル
33%
プロジェクトセカイ カラフルステージ! クリスタル
33%
妖怪ウォッチ ぷにぷに Yポイント
33%
城とドラゴン ルビー
17%
雀魂 輝石
11%
BanG Dream! スター
11%
ブルーアーカイブ 青輝石
8%
アークナイツ 合成玉
8%
Fate/Grand Order 聖晶石
6%
崩壊3rd 水晶
6%
実況パワフルプロ野球(パワプロアプリ) パワストーン
3%
東方ダンマクカグラ 御霊石
3%
No matching quizzes found
Score Distribution
Percent of People with Each Score
Percentile by Number Answered
Your Score History
You have not taken this quiz